000
00319nam a2200133Ia 4500
008
230312s9999||||xx |||||||||||||| ||und||
082
_a
615.19
_b
BAR-G
100
_a
Barrett ,Kim .E.
245
0
_a
Ganong,s Review of Medical Physiology
300
_a
714
546
_a
Eng.
650
_a
Medical
_v
Physiology
942
_c
BK
999
_c
3719
_d
3719